000 01635nam a22002417a 4500
999 _c59292
_d59292
003 Ge_BSU
005 20221230124721.0
008 221230s2022ge xxu||||| |||| 00| 0 geo d
020 _a9789941287244
041 _ageo
080 _a624 ძ-49
245 _aძველი განაშენიანების საცხოვრებელი სახლების ტექნიკური ექსპერტიზა /
_cროინ იმედაძე, თინათინ მაღრაძე, გელა ყიფიანი [და სხვ.] რედ. ნ.სუხიტაშვილი
264 _aთბილისი :
_bტექნიკური უნივერსიტეტი,
_c2022.
300 _a162 გვ.:
_bილ.;
_c29 სმ.
504 _aბიბლიოგრაფ.გვ:161-162
653 _aწიგნში მოცემულია XVIII საუკუნის ბოლოსა და XX საუკუნის დასაწყისში ჩვენს ქვეყანაში აშენებული სახლების ტექნიკური ჩატარების ექსპერტიზა
653 _aმშენებლობა
700 _aიმედაძე, როინ
_eავტორი
_916662
700 _aმაღრაძე, თინათინ
_eავტორი
_916663
700 _aყიფიანი, გელა და სხვ
_eავტორი
_916664
700 _aსუხიტაშვილი, ნ
_eრედაქტორი
_916665
942 _2udc
_cBK